Представление документа в формате MARC21

Поле Инд. ПП Название Значение
Тип записи a
Библиографический уровень b
001 Контрольный номер UNIDUBNA0563fd15f70a4e9d82fbf0481c62042f
005 Дата корректировки 20260429150830.2
008 Кодируемые данные 20170331
040 b Код языка каталог. rus
e Правила каталог. PSBO
041 0_ a Код языка текста rus
084 a Индекс другой классификации/Индекс ББК 63.3(2)622,13
100 1_ a Автор Хавкин Б.
q Полное имя Хавкин Борисв
245 10 a Заглавие Гитлер - полный капут!
520 0_ a Аннотация Публикуется документ, который физиологически точно подтвердил смерть Гитлера. А верил ли Сталин в самоубийство нацистского фюрера? 30 апреля 1945 года Гитлер и Ева Браун покончили жизнь самоубийством. 1 мая Жуков сообщил об этом в телефонном докладе Сталину. 2 мая последовало заявление ТАСС о том, что сообщения германской пропаганды о смерти Гитлера "являются новым немецким трюком: распространением утверждения о смерти Гитлера германские фашисты, очевидно, надеются предоставить Гитлеру возможность сойти со сцены и перейти на нелегальное положение". 4 мая Сталин заявил, что верить сообщениям о смерти Гитлера не следует. 26 мая на встрече со специальным представителем США Сталин предположил, что "Гитлер, вероятно, спрятался вместе с Борманом", сбежав из Европы на одной из подводных лодок. 9 июня на пресс-конференции Жуков констатировал: "Обстановка очень загадочная... Опознанного трупа Гитлера мы не нашли. Сказать что-либо утвердительное о судьбе Гитлера я не могу. В самую последнюю минуту он мог улететь из Берлина, так как взлетные дорожки позволяли это сделать"... Как же был обнаружен труп Гитлера и доказана его подлинность?
600 14 a Персоналии Гитлер Адольф
a Персоналии Горбушин Василий Иванович
a Персоналии Жуков Георгий Константинович
a Персоналии Клименко Иван Исаевич
a Персоналии Сталин Иосиф Виссарионович
a Персоналии Хойзерман Кете
650 14 a Основная рубрика история
653 0_ a Ключевые слова XX век
a Ключевые слова Великая Отечественная война 1941-1945
a Ключевые слова военно-медицинская комиссия
a Ключевые слова Вторая мировая война 1939-1945
a Ключевые слова Германия
a Ключевые слова Красная армия
a Ключевые слова национал-социализм (нацизм)
a Ключевые слова патологоанатомическое исследование
a Ключевые слова Россия
a Ключевые слова советский период
a Ключевые слова СССР
a Ключевые слова судебно-медицинское исследование
a Ключевые слова суицид (самоубийство)
a Ключевые слова фашизм
773 08 t Заглавие источника Родина
d Дата издания источника 2024
g Прочая информация № 10. - С. 116 - 119 : фот., ил.
w Контрольный № источника UNIDUBNA1e930c5b044d45e7bf1258202da90910
901 t Тип документа b